| 000 | 01223nam a22002415i 4500 | ||
|---|---|---|---|
| 001 | 13167 | ||
| 003 | ES-MaACL | ||
| 005 | 20250902091000.0 | ||
| 007 | t| | ||
| 008 | 960112s1995 sp ||||0| spa j | ||
| 020 | _a84-89318-75-1 | ||
| 040 |
_aM-BN _bspa _cM-BN |
||
| 080 | _a061.235(460.15 S.S.)(091)(063) | ||
| 110 | 2 |
_aReal Sociedad Bascongada de los Amigos del País. _bDelegación en Corte. _bSemana _n(2ª. _d1993. _cMadrid) _96374 |
|
| 245 | 1 | 0 |
_aActas / _cII Semana de la Delegación en Corte de la Real Sociedad Bascongada de los Amigos del País, Madrid, 29 de noviembre-3 de diciembre de 1993 ; dirección-coordinación, Guadalupe Rubio de Urquía ; con la colaboración de la Real Sociedad Económica Matritense de los Amigos del País y el patrocinio del Banco Bilbao Vizcaya. |
| 260 |
_a[Madrid] : _bDelegación en Corte, R.S.B.A.P, _cD.L. 1995. |
||
| 300 |
_a151 p. : _bil. ; _c21 cm. |
||
| 610 | 2 | 4 |
_aReal Sociedad Bascongada de los Amigos del País- _vHistoria- _vCongresos y asambleas _96368 |
| 700 | 1 |
_aRubio de Urquía, Guadalupe _9100401 |
|
| 710 | 2 |
_aReal Sociedad Económica Matritense de Amigos del País. _96389 |
|
| 852 |
_aES-MaACL _jL-20520 _bR.124327 |
||
| 999 |
_c13167 _d13167 |
||